Complexity leadership : (Record no. 60171)

MARC details
000 -LEADER
fixed length control field 00674nam a22002177a 4500
005 - DATE AND TIME OF LATEST TRANSACTION
control field 20260212065223.0
008 - FIXED-LENGTH DATA ELEMENTS--GENERAL INFORMATION
fixed length control field 260212b |||||||| |||| 00| 0 eng d
020 ## - INTERNATIONAL STANDARD BOOK NUMBER
International Standard Book Number 9780803699069
050 ## - LIBRARY OF CONGRESS CALL NUMBER
Classification number RT89
Item number ..C76 2020
100 ## - MAIN ENTRY--PERSONAL NAME
Personal name Crowell, Diana M.
245 ## - TITLE STATEMENT
Title Complexity leadership :
Remainder of title nursing's role in health care delivery /
250 ## - EDITION STATEMENT
Edition statement 3rd edition
260 ## - PUBLICATION, DISTRIBUTION, ETC. (IMPRINT)
Place of publication, distribution, etc Philadelphia, PA :
Name of publisher, distributor, etc F.A. Davis,
Date of publication, distribution, etc 2020.
300 ## - PHYSICAL DESCRIPTION
Extent xi, 228 p. :
Other physical details ill. ;
Dimensions 23 cm.
500 ## - GENERAL NOTE
General note Includes bibliographical references and index.
650 ## - SUBJECT ADDED ENTRY--TOPICAL TERM
Topical term or geographic name as entry element Nurse administrators
650 ## - SUBJECT ADDED ENTRY--TOPICAL TERM
Topical term or geographic name as entry element Nurse Administrators.
650 ## - SUBJECT ADDED ENTRY--TOPICAL TERM
Topical term or geographic name as entry element Leadership.
700 ## - ADDED ENTRY--PERSONAL NAME
Personal name Boynton, Beth
942 ## - ADDED ENTRY ELEMENTS (KOHA)
Source of classification or shelving scheme Library of Congress Classification
Item type Book

No items available.